000 00372nam a2200145Ia 4500
008 230717s9999 xx 000 0 und d
020 _a81-87629-38-X
041 _aeng
082 _a342.54
_bSWA
100 _aSwarup, J
245 _aConstitutional Of India Vol-iii
250 _a2ed.
260 _aNew Delhi
_bModern Law Publications
_c2006
700 _a Singhvi, L, M
999 _c672150
_d672150